|
|
|
|
| LEADER |
00777nam a22002297a 4500 |
| 003 |
OSt |
| 020 |
|
|
|a 9789383305889
|
| 082 |
|
|
|a 635
|b ALK/CO
|
| 100 |
|
|
|a Alka Singh
|
| 245 |
|
|
|a Colour handbook landscape gardening
|
| 260 |
|
|
|a New Delhi
|b New India Publishing Agency
|c 2015
|
| 300 |
|
|
|a x, 145p.
|
| 546 |
|
|
|a English
|
| 650 |
|
|
|a Landscape Designing and Gardening
|
| 650 |
|
|
|a Garden Designing Principles
|
| 650 |
|
|
|a Basic Elements of Landscape Gardening
|
| 650 |
|
|
|a Components of Landscape Gardening
|
| 650 |
|
|
|a Shrubbery
|
| 700 |
|
|
|a Dhaduk, B K
|
| 942 |
|
|
|2 ddc
|c BK
|
| 999 |
|
|
|c 157195
|d 157195
|
| 952 |
|
|
|0 0
|1 0
|2 ddc
|4 0
|6 635_000000000000000_ALKCO
|7 0
|8 Gen
|9 156613
|a KAUCLV
|b KAUCLV
|c GENERAL
|d 2017-07-28
|g 1460.00
|l 1
|o 635 ALK/CO
|p 226644
|r 2019-03-29
|s 2018-12-31
|w 2017-07-28
|y BK
|